Terrorism; (Record no. 201510)

MARC details
000 -LEADER
fixed length control field 00550nam a22001817a 4500
005 - DATE AND TIME OF LATEST TRANSACTION
control field 20240315113039.0
010 ## - LCCN (DPL NO)
LC control number ENG-139713
020 ## - INTERNATIONAL STANDARD BOOK NUMBER
International Standard Book Number 9788123417411
Terms of availability 190.00
035 ## - SYSTEM CONTROL NUMBER
System control number EN-123245
037 ## - SOURCE OF ACQUISITION
Source of stock number/acquisition DBAD/PUB
082 ## - DEWEY DECIMAL CLASSIFICATION NUMBER
Classification number 363.325
100 ## - MAIN ENTRY--PERSONAL NAME
Personal name Gnaniah .D
245 ## - TITLE STATEMENT
Title Terrorism;
Remainder of title Sources and Solution/
Statement of responsibility, etc D.Gnaniah
260 ## - PUBLICATION, DISTRIBUTION, ETC. (IMPRINT)
Place of publication, distribution, etc Chennai
Name of publisher, distributor, etc New Century book house (P) Ltd.
Date of publication, distribution, etc 2010
270 ## - ADDRESS
City Chennai
Address Ambattur, Chennai
Postal code 600098
Electronic mail address ncbhbook@yahoo.co.in
300 ## - PHYSICAL DESCRIPTION
Extent 367p.
Dimensions 21cm(pbk)
942 ## - ADDED ENTRY ELEMENTS (KOHA)
Source of classification or shelving scheme Dewey Decimal Classification
Item type English Books
Call number suffix Dgn
Classification part 363.325

No items available.


© Delhi Public Library
Hit Counter
free hit counter